Science Quiz

Random Science Quiz
Score 0/39 Timer 10:00
0 Plays Today
Hint Answer % Correct
1 gm MS = _____ gm ASA1.4
92.9%
Percent methylsalicylate in Oil of Wintogreen98
85.7%
Time to peak concentration at normal dose (hours)1
85.7%
Protein binding at normal dose (%)90
85.7%
Protein binding at overdose (%)70
85.7%
Order of metabolism at normal dose1st
85.7%
Order of metabolism at overdose0
85.7%
Name of clump of medication that may occur in GI tract and make absorption erraticBezoar
85.7%
pKa of ASA3.5
85.7%
ionized or unionized at pH 2?unionized
85.7%
GI decon method of choiceActivated charcoal
85.7%
Indication for dialysis in acute ASA ingestion is a serum level greater than _______mg/dL100
81.8%
Indication for dialysis in chronic ASA ingestion is a serum level greater than ______mg/dL60
81.8%
A CHF patient needing ASA toxicity treatment will require Bicarb or dialysis?Dialysis
81.8%
End point for Bicarb administration is when the serum ASA level is less than _____ mg/dL and trending down30
81.8%
Time to peak concentration at overdose (hours)4
78.6%
Vd at normal dose (L/kg)0.2
78.6%
Vd at overdose (L/kg)0.5
78.6%
How many mechanisms of toxicity?5
78.6%
System 1Gastrointestinal
78.6%
Hint Answer % Correct
Class of drugs preferred in seizuresBenzodiazapines
78.6%
Overall ingestion of greater than _______mg/kg calls for dialysis500
72.7%
Half life greater than _____ at overdose (hours)20
71.4%
Mechanism #2Inhibition of Kreb's cycle
71.4%
Mechanism #3uncoupling of oxidative phosphorylation
71.4%
Mechanism #4Lipolysis
71.4%
Number of systems affected4
71.4%
System 2Respiratory
71.4%
System 3Metabolic
71.4%
System 4Central Nervous system
71.4%
How many mg/kg does it take before putting adults and children in the hospital240
71.4%
Antidote chemicalsodium bicarbonate
71.4%
Goal urine pH (range)7.5-8
71.4%
Mechanism #1Direct CNS stimulation
64.3%
Mechanism #5Electrolyte abnormaliteis
64.3%
Therapeutic serum ASA level range (mg/dL)10-28
64.3%
Toxic serum ASA level is above _____ (mg/dL)30
64.3%
Half life range at normal dose (hours)2-4
57.1%
Antidote methodion trapping
50%
Come Together.
Have Fun.
All Virtual.
We all need to come together. Play Sporcle's virtual live trivia to have fun, connect with people, and get your trivia on. Join a live hosted trivia game for your favorite pub trivia experience done virtually. If a virtual private party is more your thing, go here for details.

You're not logged in!

Compare scores with friends on all Sporcle quizzes.
OR
Log In

Sporcle TV

Today on Sporcle TV


Watch our educational content, quiz creation guides, and fun videos on Sporcle TV.

Show Comments

Extras

Created Jan 7, 2016ReportNominate
Tags:Toxicity

Top Quizzes Today


Score Distribution

Paid Content

Your Account Isn't Verified!

In order to create a playlist on Sporcle, you need to verify the email address you used during registration. Go to your Sporcle Settings to finish the process.

Report this User

Report this user for behavior that violates our Community Guidelines.

Details: